| 000 | 01376nam a2200229Ia 4500 | ||
|---|---|---|---|
| 999 |
_c30329 _d30329 |
||
| 003 | OSt | ||
| 005 | 20210530192427.0 | ||
| 008 | 160316s2011 xxu||||| |||| 00| 0 eng d | ||
| 020 | _a978-1107606258 | ||
| 040 | _cNLS | ||
| 082 | _a343.09945 DAV | ||
| 100 | _aDavidson Alan | ||
| 245 | _aThe law of electronic commerce | ||
| 260 |
_aCambridge _bCambridge University Press _c2011 |
||
| 300 |
_a399p _cxxv |
||
| 365 | _b Gratis | ||
| 505 | _aContent: 1. The law of electronic commerce; 2. The rule of cyberspace; 3. Electronic commerce and the law of contract; 4. Shrinkwrap, clickwrap and browsewrap contract; 5. Electronic signatures; 6. Copyright issues in electronic commerce; 7. Electronic commerce-trade marks, patents and circuit layouts; 8. Domain names; 9. Domain name disputes; 10. Uniform domain name dispute resolution policies; 11. Jurisdiction in cyberspace; 12. Defamation in cyberspace; 13. Privacy and data protection in cyberspace; 14. Electronic mail and online presence; 15. National electronic surveillance; 16. Cybercrime; 17. Evidence of electronic records; 18. Censorship-Broadcast and online content regulation; 19. An international perspective. | ||
| 650 | _a1. Electronic Commerce | ||
| 700 |
_a _a |
||
| 856 | _uhttps://www.droitetentreprise.com/wp-content/uploads/The_Law_of_Electronic_Commerce.pdf | ||
| 942 |
_2ddc _cBK |
||